000 00904nam a2200289 4500
003 EG-GICUC
005 20260331114200.0
008 260331s1968 at ||fr|||| 001 0 eng d
040 _aEG-GiCUC
_beng
_cEG-GiCUC
_dEG-GiCUC
_erda
041 0 _aeng
082 0 4 _221
_a341.48
_bST . H
092 0 4 _221
099 _aLaw1 11 341.48 ST . H 1968
100 1 _aStone, Julius
_eAuthor.
245 1 0 _aHuman Law And Human Justice /
_cBy Julius Stone.
264 3 _aSydney :
_bStanford university press,
_c1968.
300 _a415 pages,
_c24 cm.
336 _2rda content
_atext
337 _2rda media
_aComputer
338 _2rda carrier
_aOnline Resource
504 _aIncludes bibliographical references and index.
546 _aText in English
650 1 4 _aPublic international law
856 4 0 _uhttps://fll.law.cu.edu.eg/fulltext/bks/B11-08987.pdf
905 _a48
942 _2ddc
_cBK
_e21
_n0
999 _c67776
_d67776